01635cam a2200409 i 4500001000700000003000900007005001700016007000300033008004100036016003100077017005000108020001500158035002100173035002700194040002900221080002100250080002500271100004400296245008300340260004000423300004000463336002200503337003000525338002400555490004600579650004100625651004000666700004100706700003100747800008000778830005400858852010600912903004601018942001801064999001901082952012401101197455ES-MaACL20250805062634.0ta960920s1996 sp | ||| ||spa 7 abimoBNE199604667702SpMaBN aM 13975-1996bOficina Depósito Legal Madrid a8487290973 a(OCoLC)433631304 a(SpMaBN)Mimo0000508477 aSpMaBNbspacSpMaBNerdc a914.602.7 M."19" a711.4.036(460.27 M.)0 aHidalgo Monteagudo, Ramón963596eaut13aEl Madrid de la Gran Vía /cRamón Hidalgo, Rosalía Ramos, Fidel Revilla. aMadrid : bLa Librería, c[1996]. a140 p. : bil. col. y n. ; c22 cm. 2rdacontentatexto 2rdamediaasin mediación 2rdacarrieravolumen1 aRecorridos didácticos por Madrid ; v11 7aUrbanismozMadridyS.XX2embne98986 4aMadrid-xDescripción2embne989520 aRamos Guarido, Rosalía995322eaut0 aRevilla, Fidel996430eaut1 aHidalgo Monteagudo, RamóntRecorridos didácticos por Madridv119240811 09179420aRecorridos didácticos por Madrid ; v11 aES-MaACLcDEPO1jA-15548hDonación: Fernando Codina RodríguezxEncuadernación rústica9205895 aCodina Rodríguez, Fernandoednr9238631 n0cMONOGRAFIA c197455d197455 00102udc4070aATENEOMbATENEOMcDEPO1d2025-06-05eDONACIONl0oA-15548r2025-06-05 00:00:00w2025-06-05yMONOGRAFIA